Технологии и инструменты социально-экономической политики устойчивого регионального развития; Известия Томского политехнического университета [Известия ТПУ]; Т. 318, № 6 : Экономика. Философия, социология и культурология

Detaylı Bibliyografya
Parent link:Известия Томского политехнического университета [Известия ТПУ]/ Томский политехнический университет (ТПУ).— , 2000-
Т. 318, № 6 : Экономика. Философия, социология и культурология.— 2011.— [С. 10-16]
Yazar: Черданцева И. В. Ирина Васильевна
Özet:Заглавие с титульного листа
Электронная версия печатной публикации
Показано практическое использование инструментария типологий регионального развития при определении приоритетов стратегического развития региона и проведения с учетом результатов прогноза эффективной социально-экономической политики. Предложен алгоритм прогнозно-аналитических расчетов валового регионального продукта, учитывающий типологию, ключевые факторы регионального развития и позволяющий совершенствовать инструментальную базу социально-экономического прогнозирования и обосновывать возможные сценарии развития региона.
Dil:Rusça
Baskı/Yayın Bilgisi: 2011
Seri Bilgileri:Экономика
Konular:
Online Erişim:http://www.lib.tpu.ru/fulltext/v/Bulletin_TPU/2011/v318/i6/02.pdf
Materyal Türü: MixedMaterials Elektronik Kitap Bölümü
KOHA link:https://koha.lib.tpu.ru/cgi-bin/koha/opac-detail.pl?biblionumber=199208

MARC

LEADER 00000nla2a2200000 4500
001 199208
005 20231222134142.0
035 |a (RuTPU)RU\TPU\book\217235 
035 |a RU\TPU\book\217231 
090 |a 199208 
100 |a 20110727d2011 k y0rusy50 ca 
101 0 |a rus 
102 |a RU 
135 |a drnn ---uucaa 
181 0 |a i  
182 0 |a b 
200 1 |a Технологии и инструменты социально-экономической политики устойчивого регионального развития  |f И. В. Черданцева 
203 |a Текст  |c электронный 
215 |a 1 файл (97 Кб) 
225 1 |a Экономика 
300 |a Заглавие с титульного листа 
300 |a Электронная версия печатной публикации 
320 |a [Библиогр.: с. 16 (12 назв.)] 
330 |a Показано практическое использование инструментария типологий регионального развития при определении приоритетов стратегического развития региона и проведения с учетом результатов прогноза эффективной социально-экономической политики. Предложен алгоритм прогнозно-аналитических расчетов валового регионального продукта, учитывающий типологию, ключевые факторы регионального развития и позволяющий совершенствовать инструментальную базу социально-экономического прогнозирования и обосновывать возможные сценарии развития региона. 
337 |a Adobe Reader 
461 1 |0 (RuTPU)RU\TPU\book\176237  |t Известия Томского политехнического университета [Известия ТПУ]  |f Томский политехнический университет (ТПУ)  |d 2000- 
463 1 |0 (RuTPU)RU\TPU\book\217230  |x 1684-8519  |t Т. 318, № 6 : Экономика. Философия, социология и культурология  |v [С. 10-16]  |d 2011  |p 177 с. 
610 1 |a типология 
610 1 |a устойчивое развитие 
610 1 |a региональное развитие 
610 1 |a социально-экономическая политика 
610 1 |a развитие 
610 1 |a факторы 
610 1 |a труды учёных ТПУ 
610 1 |a электронный ресурс 
700 1 |a Черданцева  |b И. В.  |c экономист  |c доцент Томского политехнического университета, кандидат экономических наук  |f 1969-  |g Ирина Васильевна  |3 (RuTPU)RU\TPU\pers\28651  |9 13467 
801 1 |a RU  |b 63413507  |c 20090623  |g PSBO 
801 2 |a RU  |b 63413507  |c 20211227  |g PSBO 
856 4 |u http://www.lib.tpu.ru/fulltext/v/Bulletin_TPU/2011/v318/i6/02.pdf 
942 |c CF